Các giải pháp tăng cường chất lượng dạy và học tiếng Anh bậc tiểu học ở tinhr Phú Yên nhằm đáp ứng việc thực hiện đề án "Dạy và học ngoại ngữ trong hệ thống giáo dục Quốc dân giai đoạn 2008-2020" /

Na minha lista:
Detalhes bibliográficos
Autor principal: Lê Thị Băng Tâm, ThS.
Formato: Atigo
Idioma:Vietnamese
Assuntos:
Tags: Adicionar Tag
Sem tags, seja o primeiro a adicionar uma tag!
Thư viện lưu trữ: Thư viện Trường Đại học Đà Lạt
LEADER 01005nam a2200265 4500
001 DLU180185698
005 ##20180618
040 # # |a DLU  |b vie 
041 # # |a vie 
044 # # |a vn 
100 # # |a Lê Thị Băng Tâm,   |c ThS. 
245 # # |a Các giải pháp tăng cường chất lượng dạy và học tiếng Anh bậc tiểu học ở tinhr Phú Yên nhằm đáp ứng việc thực hiện đề án "Dạy và học ngoại ngữ trong hệ thống giáo dục Quốc dân giai đoạn 2008-2020" /  |c Lê Thị Băng Tâm. 
653 # # |a Chất lượng 
653 # # |a Dạy và học tiếng Anh 
653 # # |a Hệ thống giáo dục 
773 # # |t Tạp chí dạy và học ngày nay  |g Số 9, 2015, tr. 37-39 
920 # # |a Phòng Tạp chí -- Trung tâm Thông tin - Thư viện Trường Đại học Đà Lạt 
994 # # |a DLU 
900 # # |a True 
911 # # |a Trần Thị Minh Hương 
925 # # |a G 
926 # # |a A 
927 # # |a BB 
980 # # |a Thư viện Trường Đại học Đà Lạt